| 000 | 01137nam a22003377a 4500 | ||
|---|---|---|---|
| 003 | CHAP | ||
| 005 | 20220329134547.0 | ||
| 008 | 971013s1964 r 00010 d | ||
| 010 | _a22209 | ||
| 011 | _a23181 | ||
| 035 | _a27276 | ||
| 040 | _cCHAP | ||
| 082 |
_a333.09861 _bC6 |
||
| 110 |
_aColombia. Leyes, decretos, etc. _9175414 |
||
| 245 |
_aLey de reforma social agraria _b: decretos, acuerdos y resoluciones que la desarrollan. |
||
| 260 |
_aBogotá : _bEdiciones Tercer Mundo, _c(1964) |
||
| 300 | _a328 p. | ||
| 490 |
_aColección La tierra _v; 15 |
||
| 590 |
_aBATCH-UPD _b10 _c20130110 _lUCH01 _h0142 |
||
| 590 |
_aBATCH-UPD _b10 _c20130110 _lUCH01 _h2233 |
||
| 590 |
_aBATCH-UPD _b10 _c20130409 _lUCH01 _h2141 |
||
| 590 |
_aBATCH-UPD _b10 _c20130914 _lUCH01 _h1004 |
||
| 590 |
_aCONVERSION _b10 _c20130109 _lUCH01 _h1313 |
||
| 650 | 1 | 4 |
_aReforma agraria _xColombia. _995535 |
| 650 | 1 | 4 |
_aTierras _xTenencia _xColombia. _9113153 |
| 700 | 0 |
_aVidal Perdomo, Jaime. _9119242 |
|
| 830 | 0 |
_aColección La tierra _v; 15 _924889 |
|
| 901 | _aBK | ||
| 942 | _cLIBRO | ||
| 949 |
_a333.09861 C6 _bBC _cLIBRO _d33724000329496 _eLIBRO _i27276 _mD _si |
||
| 999 |
_c22209 _d22209 |
||